| 000 | 00786nam a2200265Ia 4500 | ||
|---|---|---|---|
| 001 | 18208 | ||
| 003 | GE_BSU | ||
| 008 | 181216s||||||||xx |||||||||||||| ||und|| | ||
| 020 | _a978-1500971649 | ||
| 040 | _cGE_BSU | ||
| 080 | _a005.93:640 | ||
| 100 | _aManning, Nick. | ||
| 245 | _aHow to be a Tour Guide: The Essential Training Manual for Tour Managers and Tour Guides | ||
| 245 | _cKerin Ramirez (Illustrator) | ||
| 260 | _aUSA | ||
| 260 | _bPublishing Platform | ||
| 260 | _c2014 | ||
| 300 | _a270 pages,23cm | ||
| 541 | _h96gel. | ||
| 653 | _aHow to be a Tour Guide | ||
| 653 | _aThe Essential Training Manual for Tour Managers and Tour Guides | ||
| 653 | _aროგორი უნდა იყოს გიდი | ||
| 653 | _aტურიზმი | ||
| 942 | _cBK | ||
| 999 |
_c51248 _d51248 |
||